| 000 | 00361nam a22001457a 4500 | ||
|---|---|---|---|
| 003 | OSt | ||
| 005 | 20211026103035.0 | ||
| 008 | 211026b |||||||| |||| 00| 0 eng d | ||
| 040 |
_aHU _cDDC |
||
| 082 | _a350.854 | ||
| 245 | _aTHE SOCIAL HISTORY OF ART ARNOLD HAUSER | ||
| 260 |
_aNEW YORK _bVINTAGE BOOKS _c350.8 |
||
| 300 | _a225,P,15CM | ||
| 942 |
_2ddc _cBOOKS _n0 |
||
| 999 |
_c14896 _d14896 |
||